Riadenie hodnoty podniku praktikum

Enregistré dans:
Détails bibliographiques
Auteur principal: Jakubec, Miroslav
Autres auteurs: Kardoš, Peter, Kubica, Milan, 1958-
Format: Livre
Langue:slovaque
Publié: Bratislava Iura Edition 2006
Édition:2. preprac. a dopln. vyd.
Collection:Ekonómia
Sujets:
Tags: Ajouter un tag
Pas de tags, Soyez le premier à ajouter un tag!

MARC

LEADER 00000nam$a2200000$$$4500
001 0047366
005 20240502071539.9
020 |a 80-8078-118-4 
041 0 |a slo 
044 |a SK 
245 1 0 |a Riadenie hodnoty podniku  |b praktikum  |c Miroslav Jakubec, Peter Kardoš, Milan Kubica 
250 |a 2. preprac. a dopln. vyd. 
264 1 |a Bratislava  |b Iura Edition  |c 2006 
300 |a 173 s. 
490 1 |a Ekonómia 
830 0 |a Ekonómia 
610 2 0 |a hodnota podniku 
610 2 0 |a riadenie 
610 2 0 |a ohodnocovanie podniku 
610 2 0 |a proces investičný 
610 2 0 |a reštrukturalizácia 
610 2 0 |a plán 
610 2 0 |a reengineering 
610 2 0 |a majetok podnikový 
610 2 0 |a likvidita 
610 2 0 |a majetok nehmotný 
100 1 |a Jakubec, Miroslav 
700 1 |a Kardoš, Peter 
700 1 |a Kubica, Milan, 1958-